| 000 | 004240000a22001810004500 | ||
|---|---|---|---|
| 650 | _aEnglish literature | ||
| 650 | _aEnglish essays | ||
| 082 |
_a824 _bB539m |
||
| 518 | _a20060227 | ||
| 530 | _aM | ||
| 100 | _aBirsell, Augustine | ||
| 245 | _aMen, women and books and resjudicate; papers and essays | ||
| 260 |
_aLondon _bDuckworth, USA |
||
| 260 | _c1894 | ||
| 300 | _avi, 304p. | ||
| 041 | _aEng | ||
| 942 | _cGEN | ||
| 999 |
_c35788 _d35788 |
||